000 00427nam a2200133Ia 4500
008 220216s9999 xx 000 0 und d
100 _aSharp C C T
245 0 _aObservations on the completion of the union in buddings of Hevea brasiliensis made on large stocks
260 _bJournal of the Rubber Research Institute of Malaya
_c1934
300 _a152-158
650 _aBuddings
650 _aHevea brasiliensis
942 _cJS
999 _c64280
_d64280